Postavy z Dana Dreva (obidvoch filmov) - Statistics

General Stats
  • This quiz has been taken 231 times
  • The average score is 22 of 52
Answer Stats
Answer % Correct
Dano Drevo
98%
Kim
96%
Peder
92%
Starý Jano
92%
Gábor Székesfehervárbalatonszabadisóstó
83%
Ctibor
75%
Šaňo Fekete
75%
Meky Žbirka
74%
Braňo Mojsej
72%
Jozef Šlota
71%
prof. Pipík
69%
prof. Poslušný
69%
Ľudo Kolman
65%
Stano Mojsej
64%
Matej Bubák
62%
Rastislav Synek
60%
Paťo Synek
57%
Jerguš Gombit
56%
Esmeralda
52%
Maroš
49%
pán Fekete
47%
Vasiľ
45%
Zuzana de Merde
45%
Vajcomíra Gombitová
44%
Winnetou
40%
Brigitte de Fecalie
39%
MUDr. Patkaň
39%
Robo Kazík
38%
pavúk Dávid
37%
Domino Kišpépi (Diskomiňo)
34%
Ambrózy
33%
Adamko (Lieskovský)
25%
Igor (černoch čo vhadzoval lístok do modrastého plamienku)
25%
Miro (z "Miro daj mu napiču")
25%
Arpád Mosonmagyar
21%
István Farkas
21%
Uršula
21%
Dneper
18%
Ferenc Pereszlényi
17%
prof. McMlynarčíková
17%
Dušan (kam si dal ten krém na riť)
16%
Janko Španiel
15%
Ondrej Golonka
15%
Béla Kolozsvár
14%
John McGrady
12%
Mogeranča
12%
Sárosima
12%
Michal
11%
mačka Eľenka
10%
p. Bizub
10%
Rudolf
10%
stará bútľavá vŕba Kovačevičová
9%
No matching quizzes found
Score Distribution
Percent of People with Each Score
Percentile by Number Answered
Your Score History
You have not taken this quiz